weibliche und männliche Tiername - Statistiken

Allgemein
  • Dieses Quiz wurde 174 mal gespielt
  • Das Durchschnittsergebnis liegt bei 13 aus 20
Antwortstatistiken
Hint Antwort % Korrekt
männliches Huhn Hahn
93%
weibliches Pferd Stute
89%
männliche Katze Kater
88%
männliches Pferd (unbeschnitten) Hengst
86%
weibliches Schwein Sau
84%
männliche Ente Erpel
82%
weibliches Huhn Henne
82%
männliche Ziege Bock
78%
männlicher Hund Rüde
78%
weiblicher Hund Hündin
74%
männliche Kuh/ Rind Stier
71%
männliche Gans Gänserich
70%
männliche Kuh/ Rind Bulle
68%
männliche Biene Drohne
57%
männliches Kaninchen Rammler
55%
weiblicher Hirsch Hirschkuh
52%
männliches Pferd (beschnitten) Wallach
45%
männliches Wildschwein Keiler
39%
weibliches Reh Ricke
32%
weibliche Ziege Geiß
24%
Keine übereinstimmenden Quizze gefunden
Verteilung der Resultate
Anzahl Personen mit jedem Resultat
Perzentil nach korrekt beantworteten Fragen
Ihre Resultats-Entwicklung
Sie haben dieses Quiz noch nicht gespielt